000 00375nam a22001577a 4500
003 MPLRDC
005 20220104143758.0
008 210129b ||||| |||| 00| 0 eng d
082 _a848.1 ZZQ-16
100 _a朱自清 著
245 _a朱自清散文选
_c
260 _a
_b香港大通书局
_c
300 _b
650 _a现代别集
942 _cBK
_o848.1 ZZQ-16
999 _c43248
_d43238